Die teuersten Fußballtransfers - Linker Verteidiger - Saison 2013-2014 - Statistiken

Allgemein
  • Dieses Quiz wurde 12 mal gespielt
  • Das Durchschnittsergebnis liegt bei 2 aus 10
Antwortstatistiken
Ablöse (M €) Nationalität Abgebender Verein Aufnehmender Verein Spieler % Korrekt
15,00 Frankreich LOSC Lille Paris SG Lucas Digne
78%
5,00 Algerien AS St.-Étienne SSC Neapel Faouzi Ghoulam
56%
4,50 Spanien Deportivo Jgd. Manchester City U18 Angeliño
44%
6,15 Brasilien Grêmio Galatasaray Alex Telles
22%
4,00 Frankreich Le Havre AC Olympique Marseille Benjamin Mendy
22%
6,50 Frankreich G. Bordeaux Dynamo Kyiv Benoît Trémoulinas
0%
8,00 Argentinien Rubin Kazan Zenit S-Pb Cristian Ansaldi
0%
3,30 Argentinien Olympique Lyon Catania Calcio Fabián Monzón
0%
4,80 Italien Atalanta Bergamo Juventus Turin Federico Peluso
0%
5,000 Frankreich Toulouse AS St.-Étienne Franck Tabanou
0%
Keine übereinstimmenden Quizze gefunden
Verteilung der Resultate
Anzahl Personen mit jedem Resultat
Perzentil nach korrekt beantworteten Fragen
Ihre Resultats-Entwicklung
Sie haben dieses Quiz noch nicht gespielt